000
00345nam a2200145Ia 4500
008
221030s9999 xx 000 0 und d
041
_a
English
082
_a
105.23
100
_a
-
245
0
_a
College Experimental Science - Chemistry
_c
by -
260
_b
Vardhman Pub.
_a
New Delhi
_c
1987
300
_a
90
650
_a
Chemistry
942
_c
BK
999
_c
1092
_d
1092